Statistiques concernant Plus Grandes Villes Auvergne Rhône Alpes

Cliquez ici pour prendre le quiz!

Statistiques générales

  • Ce quiz a été pris 209 fois
  • Le résultat moyen est 25 sur 41

Statistiques - réponses

DépartementVille
Population
(en milliers)
% Correct
RhôneLyon518
99%
Haute SavoieAnnecy128
98%
Puy de DômeClermont Ferrand146
98%
IsèreGrenoble157
98%
LoireSaint Étienne173
97%
SavoieChambéry58
94%
RhôneVilleurbanne150
94%
DrômeValence64
92%
AinBourg en Bresse41
89%
RhôneVénissieux67
77%
CantalAurillac25
76%
AllierVichy24
73%
LoireRoanne34
72%
DrômeMontélimar39
66%
RhôneVillefranche sur Saône36
66%
Haute SavoieThonon les Bains35
64%
AllierMontluçon34
63%
Haute SavoieAnnemasse36
62%
RhôneBron42
59%
IsèreÉchirolles36
59%
IsèreVienne29
59%
RhôneCaluire et Cuire42
58%
RhôneVaulx en Velin50
58%
RhôneSaint Priest46
57%
IsèreBourgoin Jallieu28
54%
SavoieAix les Bains29
53%
LoireSaint Chamond34
53%
AinOyonnax22
52%
DrômeRomans sur Isère33
49%
IsèreSaint Martin d'Hères38
48%
RhôneDécines Charpieu28
46%
IsèreVoiron20
40%
RhôneGivors20
36%
RhôneOullins26
36%
IsèreFontaine22
34%
RhôneTassin la Demi Lune22
34%
RhôneMeyzieu34
33%
Puy de DômeCournon d'Auvergne20
30%
RhôneRillieux la Pape30
26%
RhôneSainte Foy lès Lyon22
26%
RhôneSaint Genis Laval21
26%

Distribution des résultats

Percentile par nombre de réponses

% des personnes avec chaque résultat

Votre développement - résultats

Vous n’avez pas pris ce quiz